Aproximación al Quijote (Registro nro. 16409)
[ vista simple ]
| 000 -CABECERA | |
|---|---|
| Longitud fija campo de control | 00604nam a22001937a 4500 |
| 003 - IDENTIFICADOR DELl NÚMERO DE CONTROL | |
| Identificador del número de control | OSt |
| 005 - FECHA Y HORA DE LA ÚLTIMA TRANSACCIÓN | |
| Fecha y hora de la última transacción | 20141220092531.0 |
| 008 - CÓDIGOS DE INFORMACIÓN DE LONGITUD FIJA | |
| Códigos de información de longitud fija | 141203b xxu||||| |||| 00| 0 eng d |
| 040 ## - FUENTE DE LA CATALOGACIÓN | |
| Centro transcriptor | BMC |
| 082 ## - NÚMERO DE LA CLASIFICACIÓN DECIMAL DEWEY | |
| Númeroo de clasificación | 863.3959 |
| 100 1# - PUNTO DE ACCESO PRINCIPAL-NOMBRE DE PERSONA | |
| Nombre de persona | Riquer, Martín de |
| 9 (RLIN) | 929 |
| 245 10 - MENCIÓN DE TÍTULO | |
| Título | Aproximación al Quijote |
| Mención de responsabilidad, etc. | Martín de Riquer ; prólogo de Damaso Alonso |
| 260 ## - PUBLICACIÓN, DISTRIBUCIÓN, ETC. (PIE DE IMPRENTA) | |
| Lugar de publicación, distribución, etc. | Navarra |
| Nombre del editor, distribuidor, etc. | Salvat |
| Fecha de publicación, distribución, etc. | [1971] |
| 300 ## - DESCRIPCIÓN FÍSICA | |
| Extensión | 166 p. |
| Dimensiones | 19 cm |
| 490 ## - MENCIÓN DE SERIE | |
| Mención de serie | Biblioteca Básica Salvat |
| Designación de volumen o secuencia | 19 |
| 600 24 - PUNTO DE ACCESO ADICIONAL DE MATERIA - NOMBRE DE PERSONA | |
| Nombre de persona | Cervantes Saavedra, Miguel de |
| Fechas asociadas al nombre | 1547-1616 |
| Título de la obra | Don Quijote de la Mancha |
| 9 (RLIN) | 26819 |
| 700 1# - PUNTO DE ACCESO ADICIONAL - NOMBRE DE PERSONA | |
| Nombre de persona | Alonso, Dámaso |
| Fechas asociadas al nombre | 1898-1990 |
| 9 (RLIN) | 921 |
| 942 ## - ENTRADA DE ELEMENTOS AGREGADOS (KOHA) | |
| Fuente de clasificaión o esquema | Dewey Decimal Classification |
| Koha [por defecto] tipo de item | 1- Monografias |
| Suprimido | Perdido | Fuente de clasificación o esquema | Estropeado | Restricciones de uso | No para préstamo | Código de colección | Localización permanente | Localización actual | Localización en estanter&íacute;as | Fecha adquisición | Fuente de adquisición | Número de inventario | Préstamos totales | Signatura completa | Código de barras | Fecha última consulta | Fecha del precio de reemplazo | Tipo de item de Koha |
|---|---|---|---|---|---|---|---|---|---|---|---|---|---|---|---|---|---|---|
| NULL | NULL | Dewey Decimal Classification | NULL | Prestable | NULL | NULL | Biblioteca Miguel de Cervantes - UNICAES | Biblioteca Miguel de Cervantes - UNICAES | Sala Principal | 26/02/1995 | Donación - Rene Antonio Palacios | 025628 | 863.3959 RIQ apr | 1026038 | 06/12/2014 | 06/12/2014 | 1- Monografias | |
| NULL | NULL | Dewey Decimal Classification | NULL | Prestable | NULL | NULL | Biblioteca Miguel de Cervantes - UNICAES | Biblioteca Miguel de Cervantes - UNICAES | Sala Principal | 08/06/2007 | Donación - Ana Vilma de Escobar | 025629 | 863.3959 RIQ apr | 1026039 | 06/12/2014 | 06/12/2014 | 1- Monografias |